00568 2200229 4500001002100000005001700021008004100038035002400079040001300103082000800116084001800124090001800142100001700160245001200177260003100189300001900220440002600239650001000265700002300275990002200298990001800320INLIS00000000000005120151023101906.0  0010-101500000000006 aNPBUNLOB a398 aF.ROM K Kan a aF.ROM K Kan a aLucy Kancaid aAladdin aBogor:bAlice Saputra,cSN a24 hlm.; 30 cm aseri Dongeng Terkanal aFiksi aEsther S. Mandjani a7773/ Sumb. BD/05 a12656/PN/2015